00274nam a2200109Ia 4500008004100000100003000041245003400071260002300105650001200128942000700140999001700147190216s9999||||xx |||||||||||||| ||und|| aMajumdar & Raychandra 0aHistory Of World Civilization bSurjeet Pubs.Delhi aHistory cBK c19389d19389